[Event "Quebec-ch Intercoll"]
[Site "Longueuil"]
[Date "1994.04.03"]
[Round "6"]
[White "Hedaraly, Saklaine"]
[Black "Labelle, Daniel"]
[Result "0-1"]
[WhiteElo "1476"]
[BlackElo "1736"]
[PlyCount "52"]
[EventDate "1994.04.01"]
[EventType "swiss"]
[EventRounds "6"]
[EventCountry "CAN"]
[SourceTitle "EXT 2022"]
[Source "ChessBase"]
[SourceDate "2021.10.06"]
[SourceVersion "1"]
[SourceVersionDate "2021.10.06"]
[SourceQuality "1"]

1. e4 e5 2. Nf3 Nf6 3. Nc3 Nc6 4. d4 exd4 5. Nd5 Be7 6. Nxf6+ Bxf6 7. Bc4 0-0 8. 0-0 d6 9. h3 Ne5 10. Bb3 c5 11. Bd5 Rb8 12. Nh2 Be6 13. f4 Nc6 14. Bxc6 bxc6 15. f5 Bc4 16. Re1 Bh4 17. Ng4 Bxe1 18. f6 g6 19. Bh6 Be6 20. Qxe1 Bxg4 21. Qh4 Re8 22. Bg5 Rxe4 23. Qh6 Qf8 24. Qxf8+ Kxf8 25. Bh6+ Ke8 26. hxg4 Rxb2 0-1

[Event "Quebec-ch Intercoll"]
[Site "Longueuil"]
[Date "1994.04.01"]
[Round "2"]
[White "Hedaraly, Saklaine"]
[Black "Potvin, Alain Nicolas"]
[Result "1-0"]
[WhiteElo "1476"]
[BlackElo "1760"]
[PlyCount "49"]
[EventDate "1994.04.01"]
[EventType "swiss"]
[EventRounds "6"]
[EventCountry "CAN"]
[SourceTitle "EXT 2022"]
[Source "ChessBase"]
[SourceDate "2021.10.06"]
[SourceVersion "1"]
[SourceVersionDate "2021.10.06"]
[SourceQuality "1"]

1. e4 d6 2. d4 g6 3. Nc3 Bg7 4. Be3 Nf6 5. Be2 0-0 6. Qd2 e5 7. d5 Re8 8. h3 Nbd7 9. Bg5 Nc5 10. Bf3 c6 11. Nge2 Qb6 12. 0-0-0 cxd5 13. Bxf6 Bxf6 14. Nxd5 Qd8 15. Nxf6+ Qxf6 16. Qxd6 Ne6 17. Rd5 Qg5+ 18. Kb1 Rd8 19. Qxe5 Rxd5 20. Qxd5 Qh4 21. g3 Qf6 22. e5 Qe7 23. Rd1 Kg7 24. Nc3 Nc7 25. Qd6 1-0